00828nam a2200229 i 45000010005000000030009000050050017000140080039000310150017000700400035000870800008001221000041001302450074001712600055002453000047003003800017003475040032003646550030003966500034004267100041004608560097005018144KOSZ 00520191009093620.0071017s1966 pl a f f 001 0 pol aPB 1966/5070 aWA NcKOSZ 005/RWdKOSZ 005/RW a5191 aKotlarski, Ignacyd(1923- ).eAutor.10aRachunek prawdopodobieństwa dla inżynierów /cIgnacy Kotlarski. aWarszawa :bWydawnictwa Naukowo-Techniczne,c1966. a251, [1] s., [2] k. tabl. :bil. ;c23 cm. aKsiążki. aBibliogr. s. [247]. Indeks. 4aPodręczniki akademickie 4aRachunek prawdopodobieństwa2 aWydawnictwa Naukowo-Techniczne4pbl. uhttp://koha.tu.koszalin.pl/cgi-bin/koha/opac-detail.pl?biblionumber=8144yKatalog online BPK